[Event "Hoogeveen op 26th"]
[Site "Hoogeveen"]
[Date "2023.10.24"]
[Round "4"]
[White "Duchene, Rene"]
[Black "Van Helvoort, Rob AM"]
[Result "1-0"]
[WhiteElo "2065"]
[BlackElo "2105"]
[PlyCount "31"]
[EventDate "2023.10.21"]
[EventType "swiss"]
[EventRounds "9"]
[EventCountry "NED"]
[SourceTitle "Mega2024 Update 01"]
[Source "Chessbase"]
[SourceDate "2023.11.12"]
[SourceVersion "1"]
[SourceVersionDate "2023.11.12"]
[SourceQuality "1"]

1. d4 g6 2. e4 Bg7 3. Nc3 d6 4. Bg5 c5 5. dxc5 Qa5 6. Bd2 Qxc5 7. Nd5 Bd7 8. Nf3 Nf6 9. Bb4 Qc8 10. Nxe7 Kxe7 11. Qxd6+ Kd8 12. Qe7+ Kc7 13. Qe5+ Kd8 14. Be7+ Ke8 15. Bxf6+ Be6 16. Bxg7 1-0

[Event "Hoogeveen op 26th"]
[Site "Hoogeveen"]
[Date "2023.10.21"]
[Round "1"]
[White "Duchene, Rene"]
[Black "Schoorl, Rob"]
[Result "0-1"]
[WhiteElo "2065"]
[BlackElo "2357"]
[PlyCount "64"]
[EventDate "2023.10.21"]
[EventType "swiss"]
[EventRounds "9"]
[EventCountry "NED"]
[SourceTitle "Mega2024 Update 01"]
[Source "Chessbase"]
[SourceDate "2023.11.12"]
[SourceVersion "1"]
[SourceVersionDate "2023.11.12"]
[SourceQuality "1"]

1. d4 g6 2. e4 Bg7 3. Nc3 c6 4. Be2 d6 5. Nf3 Nf6 6. a4 0-0 7. 0-0 d5 8. e5 Ne4 9. Nxe4 dxe4 10. Ng5 c5 11. dxc5 Qc7 12. Nxe4 Qxe5 13. Bf3 Na6 14. Re1 Qc7 15. Qe2 e5 16. Ra3 f5 17. Qc4+ Kh8 18. Nd6 e4 19. Bd1 Nxc5 20. Nxc8 Raxc8 21. f3 Qd6 22. Qb4 a5 23. Qd2 Qxd2 24. Bxd2 Bxb2 25. Ra2 Bd4+ 26. Kh1 b6 27. c3 Nd3 28. cxd4 Nxe1 29. fxe4 fxe4 30. h3 Rf1+ 31. Kh2 Rf2 32. d5 e3 0-1

[Event "Vlissingen op 25th"]
[Site "Vlissingen"]
[Date "2023.08.06"]
[Round "2"]
[White "Duchene, Rene"]
[Black "Van Wely, Loek"]
[Result "0-1"]
[WhiteElo "2085"]
[BlackElo "2644"]
[PlyCount "58"]
[EventDate "2023.08.05"]
[EventType "swiss"]
[EventRounds "9"]
[EventCountry "NED"]
[SourceTitle "CBM 215 Extra"]
[Source "ChessBase"]
[SourceDate "2023.09.30"]
[SourceVersion "1"]
[SourceVersionDate "2023.09.30"]
[SourceQuality "1"]

1. Nf3 g6 2. e4 Bg7 3. d4 d6 4. Nc3 a6 5. a4 Nf6 6. Be2 0-0 7. 0-0 b6 8. Re1 Bb7 9. Bf1 e6 10. h3 Nbd7 11. Bg5 h6 12. Bf4 Qe7 13. Qd2 Kh7 14. g4 e5 15. Bg3 c6 16. Rad1 Rfe8 17. dxe5 dxe5 18. Bc4 b5 19. Bb3 b4 20. Na2 c5 21. g5 Nxe4 22. Qxd7 Nxg3 23. Nxe5 Bxe5 24. Rxe5 Qxe5 25. Qxb7 Ne2+ 26. Kh1 Rad8 27. Qxf7+ Kh8 28. Rd5 Rxd5 29. Bxd5 Nf4 0-1

[Event "Hoogeveen op 25th"]
[Site "Hoogeveen"]
[Date "2022.10.15"]
[Round "1"]
[White "Niemeijer, Leon"]
[Black "Duchene, Rene"]
[Result "0-1"]
[WhiteElo "1841"]
[BlackElo "2170"]
[PlyCount "76"]
[EventDate "2022.10.15"]
[EventType "swiss"]
[EventRounds "9"]
[EventCountry "NED"]
[SourceTitle "CBM 210 Extra"]
[Source "ChessBase"]
[SourceDate "2022.11.30"]
[SourceVersion "1"]
[SourceVersionDate "2022.11.30"]
[SourceQuality "1"]

1. d4 d5 2. c4 e6 3. Nf3 c5 4. cxd5 exd5 5. g3 Nc6 6. Bg2 Nf6 7. Nc3 Be7 8. 0-0 0-0 9. dxc5 Bxc5 10. Bg5 d4 11. Bxf6 Qxf6 12. Ne4 Qe7 13. Nxc5 Qxc5 14. Rc1 Qb6 15. Qd2 Bf5 16. b3 Rfe8 17. Qf4 Bg6 18. Rfe1 Re4 19. Qd2 Re7 20. Rc4 Rd8 21. Rd1 d3 22. e3 Be4 23. Ne1 Bxg2 24. Kxg2 Ne5 25. Rc3 Qg6 26. Qc1 h5 27. Nxd3 Qe4+ 28. Kf1 Qh1+ 29. Ke2 Qf3+ 30. Ke1 Red7 31. Qc2 Qh1+ 32. Ke2 Qxh2 33. Rc8 Ng4 34. Rxd8+ Rxd8 35. Rf1 Re8 36. Kf3 Nxe3 37. Qe2 Qg2+ 38. Kf4 Nd5+ 0-1

[Event "Amsterdam Science Park op-A"]
[Site "Amsterdam"]
[Date "2022.07.24"]
[Round "7"]
[White "Van Nieuwkerk, Ton"]
[Black "Duchene, Rene"]
[Result "0-1"]
[WhiteElo "2014"]
[BlackElo "2137"]
[PlyCount "100"]
[EventDate "2022.07.18"]
[EventType "swiss"]
[EventRounds "7"]
[EventCountry "NED"]
[SourceTitle "CBM 209 Extra"]
[Source "ChessBase"]
[SourceDate "2022.09.30"]
[SourceVersion "1"]
[SourceVersionDate "2022.09.30"]
[SourceQuality "1"]

1. e4 e6 2. d4 d5 3. e5 c5 4. c3 Qb6 5. Nf3 Nc6 6. a3 Nh6 7. b4 cxd4 8. cxd4 Nf5 9. Bb2 Bd7 10. g4 Nfe7 11. Bd3 Ng6 12. Qd2 Qd8 13. h4 h5 14. Bxg6 fxg6 15. Qd3 Ne7 16. g5 Nf5 17. Nc3 Be7 18. 0-0 0-0 19. Rfc1 Qb6 20. Kg2 Rfc8 21. Ne2 a5 22. Rxc8+ Rxc8 23. Nf4 Kf7 24. Bc3 a4 25. Bb2 Bb5 26. Qd2 Rc4 27. Rc1 Qc6 28. Rc3 Bd8 29. Ba1 Bb6 30. Bb2 Ba6 31. Rc1 Rxc1 32. Bxc1 Qc4 33. Bb2 Qf1+ 34. Kh2 Bc4 35. Bc3 Bb3 36. Nh3 Bd1 37. Nhg1 Kg8 38. Bb2 Bb3 39. Bc3 Bc4 40. Bb2 Kf8 41. Bc3 Kf7 42. Bb2 Qb1 43. Nh3 Bd3 44. Nhg1 Be4 45. Kh3 Bxf3 46. Nxf3 Qh1+ 47. Nh2 Qe4 48. f4 Bxd4 49. Bxd4 Qxd4 50. Qc1 Qf2 0-1

[Event "Amsterdam Science Park op-A"]
[Site "Amsterdam"]
[Date "2022.07.22"]
[Round "5"]
[White "Duchene, Rene"]
[Black "Croese, Cornelis"]
[Result "1-0"]
[WhiteElo "2137"]
[BlackElo "2173"]
[PlyCount "33"]
[EventDate "2022.07.18"]
[EventType "swiss"]
[EventRounds "7"]
[EventCountry "NED"]
[SourceTitle "CBM 209 Extra"]
[Source "ChessBase"]
[SourceDate "2022.09.30"]
[SourceVersion "1"]
[SourceVersionDate "2022.09.30"]
[SourceQuality "1"]

1. Nf3 Nf6 2. c4 g6 3. d4 Bg7 4. e3 0-0 5. Be2 d6 6. Nc3 Nbd7 7. 0-0 e5 8. Qc2 c6 9. b3 Ne8 10. Rd1 f5 11. dxe5 dxe5 12. e4 f4 13. Ba3 Rf7 14. c5 Qa5 15. Qc1 b5 16. cxb6 Nxb6 17. b4 1-0

[Event "Vlissingen HZ op 23rd"]
[Site "Vlissingen"]
[Date "2019.08.10"]
[Round "9"]
[White "Leentjens, Gilbert"]
[Black "Duchene, Rene"]
[Result "0-1"]
[WhiteElo "1869"]
[BlackElo "2157"]
[PlyCount "70"]
[EventDate "2019.08.03"]
[EventType "swiss"]
[EventRounds "9"]
[EventCountry "NED"]
[SourceTitle "CBM 191 Extra"]
[Source "ChessBase"]
[SourceDate "2019.09.30"]
[SourceVersion "1"]
[SourceVersionDate "2019.09.30"]
[SourceQuality "1"]

1. e4 d5 2. exd5 Nf6 3. Bb5+ Bd7 4. Bc4 Bg4 5. f3 Bf5 6. g4 Bg6 7. Nc3 c6 8. dxc6 Nxc6 9. d3 e5 10. h4 h5 11. g5 Nd7 12. Nge2 Bc5 13. Rf1 Nb6 14. Bb3 Qd7 15. Ne4 Be7 16. Be3 Nd5 17. Bf2 Nd4 18. Nxd4 exd4 19. Bxd4 Nf4 20. c3 Ng2+ 21. Kf2 Nxh4 22. Ba4 b5 23. Bxg7 Rh7 24. Bf6 bxa4 25. Bxe7 Bxe4 26. Re1 Bxf3 27. Qd2 Qf5 28. Qe3 Bd5+ 29. Ke2 Ng2 30. Qc5 Rc8 31. Qb4 Qg4+ 32. Qxg4 hxg4 33. Kf2 Nxe1 34. Rxe1 Kd7 35. Bf6 Re8 0-1

[Event "Vlissingen HZ op 23rd"]
[Site "Vlissingen"]
[Date "2019.08.06"]
[Round "5"]
[White "Smit, Manuel"]
[Black "Duchene, Rene"]
[Result "0-1"]
[WhiteElo "1831"]
[BlackElo "2157"]
[PlyCount "128"]
[EventDate "2019.08.03"]
[EventType "swiss"]
[EventRounds "9"]
[EventCountry "NED"]
[SourceTitle "CBM 191 Extra"]
[Source "ChessBase"]
[SourceDate "2019.09.30"]
[SourceVersion "1"]
[SourceVersionDate "2019.09.30"]
[SourceQuality "1"]

1. e4 e6 2. d4 d5 3. Nd2 c5 4. Ngf3 Nf6 5. e5 Nfd7 6. c3 Nc6 7. Bd3 Be7 8. 0-0 g5 9. h3 h5 10. g4 hxg4 11. hxg4 Qb6 12. Nb3 c4 13. Nxg5 cxd3 14. Kg2 Rg8 15. f4 f6 16. exf6 Nxf6 17. Qxd3 Bd7 18. Bd2 0-0-0 19. Qf3 Ne4 20. Nxe4 dxe4 21. Qe2 Rdf8 22. g5 Bd6 23. Be3 Qc7 24. Qd2 Ne7 25. Nc1 Bb5 26. Rf2 Nd5 27. Ne2 Bxe2 28. Qxe2 Bxf4 29. Bc1 Rxg5+ 30. Kf1 Qg7 31. Qxe4 Rg1+ 32. Ke2 Qg4+ 33. Kd3 Qf5 34. Qxf5 Rxf5 35. Rc2 Rh5 36. a3 Rhh1 37. c4 Ne7 38. Bxf4 Rxa1 39. Rg2 Rag1 40. Re2 Kd7 41. Kc3 Rg4 42. Rf2 Rh3+ 43. Kd2 Ng6 44. Be3 Rgg3 45. Re2 Ne7 46. Bf2 Rg2 47. Ke1 Rh1+ 48. Kd2 Rhh2 49. Ke1 Rxf2 50. Rxf2 Rxf2 51. Kxf2 Nf5 52. d5 exd5 53. cxd5 Kd6 54. Ke2 Kxd5 55. Kd3 Nd6 56. Kc3 Kc5 57. Kb3 Ne4 58. Ka4 b5+ 59. Kb3 Nd2+ 60. Kc3 Nc4 61. b4+ Kd5 62. a4 a6 63. Kc2 Kd4 64. Kb3 Kd3 0-1

[Event "Vlissingen HZ op 23rd"]
[Site "Vlissingen"]
[Date "2019.08.05"]
[Round "4"]
[White "Duchene, Rene"]
[Black "Van de Griend, Johan"]
[Result "1-0"]
[WhiteElo "2157"]
[BlackElo "1826"]
[PlyCount "63"]
[EventDate "2019.08.03"]
[EventType "swiss"]
[EventRounds "9"]
[EventCountry "NED"]
[SourceTitle "CBM 191 Extra"]
[Source "ChessBase"]
[SourceDate "2019.09.30"]
[SourceVersion "1"]
[SourceVersionDate "2019.09.30"]
[SourceQuality "1"]

1. d4 d5 2. Nf3 Nf6 3. c4 e6 4. g3 c5 5. cxd5 exd5 6. Bg2 Nc6 7. 0-0 Be7 8. Nc3 0-0 9. Bg5 c4 10. Ne5 Be6 11. f4 h6 12. Bh4 Nxe5 13. fxe5 Ng4 14. Bxe7 Qxe7 15. Qd2 h5 16. h3 Nh6 17. Nxd5 Bxd5 18. Bxd5 Rfd8 19. e4 Kh7 20. Rf3 Qd7 21. Kh2 b5 22. Raf1 Qe7 23. a3 Rab8 24. R1f2 Rf8 25. Qb4 Qxb4 26. axb4 Kg6 27. Ra3 f5 28. Ra6+ Kh7 29. Rxa7 fxe4 30. Bxe4+ Kh8 31. Rxf8+ Rxf8 32. e6 1-0

[Event "Vlissingen HZ op 23rd"]
[Site "Vlissingen"]
[Date "2019.08.04"]
[Round "3"]
[White "Hausrath, Daniel"]
[Black "Duchene, Rene"]
[Result "1-0"]
[WhiteElo "2467"]
[BlackElo "2157"]
[PlyCount "71"]
[EventDate "2019.08.03"]
[EventType "swiss"]
[EventRounds "9"]
[EventCountry "NED"]
[SourceTitle "CBM 191 Extra"]
[Source "ChessBase"]
[SourceDate "2019.09.30"]
[SourceVersion "1"]
[SourceVersionDate "2019.09.30"]
[SourceQuality "1"]

1. Nf3 d5 2. g3 Nf6 3. Bg2 Bf5 4. c4 e6 5. b3 c6 6. 0-0 Nbd7 7. Bb2 h6 8. d3 Be7 9. Nbd2 0-0 10. a3 a5 11. Qb1 Bh7 12. Bc3 Nc5 13. Qb2 Qb6 14. Ne5 Rfd8 15. Bd4 Qa6 16. Rfc1 Rac8 17. cxd5 cxd5 18. Rc2 Ne8 19. Rac1 b6 20. b4 f6 21. Nc6 Rxc6 22. b5 Qa8 23. bxc6 Qxc6 24. Nb3 Rc8 25. Bh3 f5 26. Nxc5 Bxc5 27. Bxc5 bxc5 28. Rxc5 Qxc5 29. Rxc5 Rxc5 30. Qb6 Rc1+ 31. Kg2 Nc7 32. g4 g5 33. gxf5 h5 34. fxe6 g4 35. Qb8+ Kg7 36. Qb2+ 1-0

[Event "Vlissingen HZ op 23rd"]
[Site "Vlissingen"]
[Date "2019.08.03"]
[Round "1"]
[White "Burg, Henk"]
[Black "Duchene, Rene"]
[Result "0-1"]
[WhiteElo "1698"]
[BlackElo "2157"]
[PlyCount "78"]
[EventDate "2019.08.03"]
[EventType "swiss"]
[EventRounds "9"]
[EventCountry "NED"]
[SourceTitle "CBM 191 Extra"]
[Source "ChessBase"]
[SourceDate "2019.09.30"]
[SourceVersion "1"]
[SourceVersionDate "2019.09.30"]
[SourceQuality "1"]

1. e4 e6 2. d4 d5 3. Nd2 c5 4. c3 cxd4 5. cxd4 Nc6 6. exd5 exd5 7. Ngf3 Nf6 8. Bd3 Bd6 9. 0-0 0-0 10. Re1 Re8 11. a3 a5 12. b3 Bg4 13. h3 Bh5 14. Bb2 Qb6 15. Qc2 Rac8 16. Rxe8+ Rxe8 17. Kf1 Qd8 18. Re1 Rxe1+ 19. Nxe1 Qe7 20. Qc1 Bf4 21. Qc2 Bd6 22. Qc1 Nd7 23. Ndf3 Nf8 24. Be2 Bg6 25. Bd3 Be4 26. Nd2 Bxd3+ 27. Nxd3 Ne6 28. Nf3 h6 29. g3 Qf6 30. Qe3 Ne7 31. Nfe5 Qf5 32. g4 Qf6 33. Nd7 Qh4 34. Kg2 Ng6 35. N7e5 Qf6 36. f4 Ngxf4+ 37. Nxf4 Qxf4 38. Qxf4 Nxf4+ 39. Kg3 Nd3 0-1

[Event "Vlissingen HZ op 14th"]
[Site "Vlissingen"]
[Date "2010.08.14"]
[Round "9"]
[White "Vermue, Albert"]
[Black "Duchene, Rene"]
[Result "0-1"]
[WhiteElo "1876"]
[BlackElo "2204"]
[PlyCount "44"]
[EventDate "2010.08.07"]
[EventType "swiss"]
[EventRounds "9"]
[EventCountry "NED"]
[SourceTitle "CBM 137 Extra"]
[Source "ChessBase"]
[SourceDate "2010.09.01"]
[SourceVersion "1"]
[SourceVersionDate "2010.09.01"]
[SourceQuality "1"]

1. e4 e6 2. Nf3 d5 3. e5 c5 4. b4 cxb4 5. a3 Qa5 6. Nd4 Nc6 7. Nb3 Qb6 8. d4 bxa3 9. c3 Bd7 10. Nxa3 Na5 11. Rb1 Ba4 12. Bb5+ Bxb5 13. Nxa5 Qxa5 14. Nxb5 a6 15. Nd6+ Bxd6 16. exd6 Nf6 17. Rxb7 Qxc3+ 18. Bd2 Qxd4 19. d7+ Nxd7 20. 0-0 Rb8 21. Rxb8+ Nxb8 22. Qb3 0-0 0-1

[Event "Vlissingen HZ op 14th"]
[Site "Vlissingen"]
[Date "2010.08.12"]
[Round "7"]
[White "Van de Groep, William"]
[Black "Duchene, Rene"]
[Result "0-1"]
[WhiteElo "1970"]
[BlackElo "2204"]
[PlyCount "58"]
[EventDate "2010.08.07"]
[EventType "swiss"]
[EventRounds "9"]
[EventCountry "NED"]
[SourceTitle "CBM 137 Extra"]
[Source "ChessBase"]
[SourceDate "2010.09.01"]
[SourceVersion "1"]
[SourceVersionDate "2010.09.01"]
[SourceQuality "1"]

1. e4 e6 2. Nf3 d5 3. Nc3 Nf6 4. e5 Nfd7 5. d4 c5 6. dxc5 Nc6 7. Bf4 Bxc5 8. Bd3 f6 9. exf6 Qxf6 10. Bg5 Qf7 11. Nb5 Nde5 12. Bh4 Nxf3+ 13. gxf3 a6 14. Nc3 0-0 15. Bg3 Qxf3 16. Qxf3 Rxf3 17. 0-0-0 b5 18. Kb1 Ra7 19. Be2 Rf8 20. Bg4 Ne7 21. Rhf1 Nf5 22. Be5 Raf7 23. Bxf5 Rxf5 24. f4 g5 25. Ne2 gxf4 26. Rg1+ Bxg1 27. Rxg1+ Kf7 28. Rg7+ Ke8 29. Bd6 R8f7 0-1

[Event "Vlissingen HZ op 14th"]
[Site "Vlissingen"]
[Date "2010.08.10"]
[Round "5"]
[White "Leenhouts, Koen"]
[Black "Duchene, Rene"]
[Result "1-0"]
[WhiteElo "2407"]
[BlackElo "2204"]
[PlyCount "111"]
[EventDate "2010.08.07"]
[EventType "swiss"]
[EventRounds "9"]
[EventCountry "NED"]
[SourceTitle "CBM 137 Extra"]
[Source "ChessBase"]
[SourceDate "2010.09.01"]
[SourceVersion "1"]
[SourceVersionDate "2010.09.01"]
[SourceQuality "1"]

1. d4 d5 2. c4 c6 3. Nc3 Nf6 4. Nf3 e6 5. Bg5 Nbd7 6. e3 Qa5 7. Bxf6 Nxf6 8. Nd2 Be7 9. Bd3 0-0 10. 0-0 Qd8 11. Rc1 b6 12. Qe2 Bb7 13. cxd5 exd5 14. Nf3 Bd6 15. Ba6 Qc8 16. Bxb7 Qxb7 17. e4 Bf4 18. Rc2 Nxe4 19. Nxe4 Rfe8 20. Nf6+ gxf6 21. Qd3 Qd7 22. g3 Bg5 23. b4 Rac8 24. a4 Re4 25. Kg2 Rce8 26. Ra1 h5 27. h4 Bh6 28. Qc3 Rc8 29. Qd3 Bf8 30. Nd2 Ree8 31. Qf3 Qg4 32. Qxg4+ hxg4 33. Nf1 Bh6 34. Ra3 Re4 35. Rd3 Kf8 36. b5 Ke7 37. Rxc6 Rxc6 38. bxc6 Kd6 39. Rc3 Kc7 40. Ne3 Rxd4 41. Nf5 Rc4 42. Rd3 Bf8 43. Rxd5 Rc5 44. Rxc5 bxc5 45. h5 c4 46. Kf1 Kxc6 47. h6 Bxh6 48. Nxh6 Kc5 49. Ke2 Kb4 50. Kd2 Kxa4 51. Kc3 Kb5 52. Nxf7 Kc5 53. Nh6 Kd5 54. Nxg4 f5 55. Ne3+ Ke4 56. Nxf5 1-0

[Event "Vlissingen HZ op 13th"]
[Site "Vlissingen"]
[Date "2009.08.05"]
[Round "6"]
[White "Lagrain, Jan"]
[Black "Duchene, Rene"]
[Result "0-1"]
[WhiteElo "2063"]
[BlackElo "2216"]
[PlyCount "46"]
[EventDate "2009.08.01"]
[EventType "swiss"]
[EventRounds "9"]
[EventCountry "NED"]
[SourceTitle "CBM 131 Extra"]
[Source "ChessBase"]
[SourceDate "2009.09.03"]
[SourceVersion "2"]
[SourceVersionDate "2009.09.16"]
[SourceQuality "1"]

1. e4 e6 2. d4 d5 3. Nc3 Nf6 4. e5 Nfd7 5. f4 c5 6. Nf3 Nc6 7. Be3 Qb6 8. Qd2 Qxb2 9. Rb1 Qa3 10. Nb5 Qxa2 11. Rd1 Rb8 12. Kf2 cxd4 13. Nfxd4 Bb4 14. Qe2 0-0 15. Nb3 Ndxe5 16. fxe5 f6 17. g3 a6 18. Na7 d4 19. Bxd4 fxe5+ 20. Kg1 Nxd4 21. Nxd4 exd4 22. Nxc8 Rbxc8 23. Bh3 Qxc2 0-1

[Event "Vlissingen HZ op 13th"]
[Site "Vlissingen"]
[Date "2009.08.03"]
[Round "4"]
[White "Meulblok, Willy"]
[Black "Duchene, Rene"]
[Result "0-1"]
[WhiteElo "2051"]
[BlackElo "2216"]
[PlyCount "92"]
[EventDate "2009.08.01"]
[EventType "swiss"]
[EventRounds "9"]
[EventCountry "NED"]
[SourceTitle "CBM 131 Extra"]
[Source "ChessBase"]
[SourceDate "2009.09.03"]
[SourceVersion "2"]
[SourceVersionDate "2009.09.16"]
[SourceQuality "1"]

1. e4 e6 2. d4 d5 3. Nd2 Nf6 4. e5 Nfd7 5. Bd3 c5 6. c3 Nc6 7. Ne2 cxd4 8. cxd4 f6 9. exf6 Nxf6 10. Nf3 Bd6 11. 0-0 0-0 12. Bg5 Qb6 13. Nc3 Bd7 14. Re1 Kh8 15. Bf1 Ne7 16. a3 Qxb2 17. Na4 Bxa4 18. Qxa4 Ne4 19. Bxe7 Bxe7 20. Rab1 Qxf2+ 21. Kh1 Nc3 22. Qb3 Rxf3 23. gxf3 Bd6 24. Bg2 Qh4 25. h3 Qg3 26. Kg1 Nxb1 27. Rxb1 Rf8 28. Qe3 b6 29. Rb3 e5 30. Qe2 e4 31. Re3 Bf4 32. Rc3 exf3 33. Rxf3 Qh2+ 34. Kf1 Rc8 35. Kf2 h6 36. Rd3 Rc1 37. Rd1 Qg3+ 38. Kg1 Be3+ 39. Kh1 Bf4 40. Kg1 Be3+ 41. Kh1 Rxd1+ 42. Qxd1 Bf4 43. Kg1 Qe3+ 44. Kh1 Qxa3 45. Bxd5 Qxh3+ 46. Kg1 Be3# 0-1

[Event "Vlissingen HZ op 13th"]
[Site "Vlissingen"]
[Date "2009.08.01"]
[Round "1"]
[White "Duchene, Rene"]
[Black "Baete, Guy"]
[Result "1-0"]
[WhiteElo "2216"]
[BlackElo "1802"]
[PlyCount "31"]
[EventDate "2009.08.01"]
[EventType "swiss"]
[EventRounds "9"]
[EventCountry "NED"]
[SourceTitle "CBM 131 Extra"]
[Source "ChessBase"]
[SourceDate "2009.09.03"]
[SourceVersion "2"]
[SourceVersionDate "2009.09.16"]
[SourceQuality "1"]

1. Nf3 d5 2. d4 Nf6 3. c4 e6 4. Nc3 b6 5. cxd5 exd5 6. Bg5 Bb7 7. Qa4+ Bc6 8. Qb3 Bd6 9. e3 Nbd7 10. Nb5 Be7 11. Rc1 Bxb5 12. Bxb5 c5 13. Bxf6 gxf6 14. Qxd5 Rc8 15. dxc5 Bxc5 16. 0-0 1-0

[Event "Haarlem BDO-B"]
[Site "Haarlem"]
[Date "2008.08.16"]
[Round "8"]
[White "Duchene, Rene"]
[Black "Lathouwers, Rob"]
[Result "0-1"]
[WhiteElo "2221"]
[BlackElo "2214"]
[PlyCount "86"]
[EventDate "2008.08.09"]
[EventType "tourn"]
[EventRounds "9"]
[EventCountry "NED"]
[SourceTitle "CBM 125 Extra"]
[Source "ChessBase"]
[SourceDate "2008.09.01"]
[SourceVersion "1"]
[SourceVersionDate "2008.09.01"]
[SourceQuality "1"]

1. Nf3 Nf6 2. c4 e6 3. g3 d5 4. d4 dxc4 5. Bg2 a6 6. 0-0 b5 7. Ne5 Nd5 8. a4 Bb7 9. Nc3 Nxc3 10. bxc3 Bxg2 11. Kxg2 f6 12. Nf3 Nd7 13. e4 Be7 14. Ng1 0-0 15. Nh3 e5 16. Qg4 f5 17. exf5 Nf6 18. Qe2 exd4 19. cxd4 Qd5+ 20. Kg1 Qxf5 21. Nf4 Bd6 22. axb5 axb5 23. Rxa8 Rxa8 24. Qf3 Ra2 25. Qc6 Qd7 26. Qf3 b4 27. Re1 Bxf4 28. Bxf4 Qxd4 29. Be5 Qd2 30. Rd1 Qe2 31. Rd8+ Kf7 32. Rd7+ Ke8 33. Qf5 Qe1+ 34. Kg2 Qe4+ 35. Qxe4 Nxe4 36. Rxc7 Rxf2+ 37. Kg1 c3 38. Rc4 Rf1+ 39. Kxf1 Nd2+ 40. Ke2 Nxc4 41. Bxg7 Kf7 42. Bxc3 bxc3 43. Kd3 Nd2 0-1

[Event "Haarlem BDO-B"]
[Site "Haarlem"]
[Date "2008.08.12"]
[Round "4"]
[White "Duchene, Rene"]
[Black "Overeem, Marc"]
[Result "0-1"]
[WhiteElo "2221"]
[BlackElo "2288"]
[PlyCount "98"]
[EventDate "2008.08.09"]
[EventType "tourn"]
[EventRounds "9"]
[EventCountry "NED"]
[SourceTitle "CBM 125 Extra"]
[Source "ChessBase"]
[SourceDate "2008.09.01"]
[SourceVersion "1"]
[SourceVersionDate "2008.09.01"]
[SourceQuality "1"]

1. Nf3 Nf6 2. c4 e6 3. g3 d5 4. d4 dxc4 5. Bg2 a6 6. 0-0 b5 7. Ne5 Nd5 8. a4 Bb7 9. axb5 axb5 10. Rxa8 Bxa8 11. b3 c3 12. e4 b4 13. exd5 Bxd5 14. Bxd5 Qxd5 15. Qd3 Bd6 16. Nxc3 bxc3 17. Qxc3 0-0 18. Be3 Na6 19. Nc6 Nb8 20. Ne5 Bxe5 21. dxe5 Nc6 22. f4 Rb8 23. Rc1 Rxb3 24. Qxc6 Qxc6 25. Rxc6 Rxe3 26. Rxc7 g5 27. Kf2 gxf4 28. gxf4 Ra3 29. Kg2 Kg7 30. Rb7 Kg6 31. Rc7 h5 32. Rb7 h4 33. Rc7 Ra2+ 34. Kh3 Rf2 35. Rc4 Kh5 36. Re4 Rf3+ 37. Kg2 Kg4 38. f5+ Rf4 39. Rxf4+ Kxf4 40. fxe6 fxe6 41. Kh3 Kxe5 42. Kxh4 Kf4 43. Kh5 e5 44. Kg6 e4 45. h4 e3 46. h5 e2 47. h6 e1Q 48. Kg7 Qe7+ 49. Kg8 Qg5+ 0-1

[Event "Haarlem BDO-B"]
[Site "Haarlem"]
[Date "2008.08.11"]
[Round "3"]
[White "Duchene, Rene"]
[Black "Croese, Cornelis"]
[Result "1/2-1/2"]
[WhiteElo "2221"]
[BlackElo "2363"]
[PlyCount "37"]
[EventDate "2008.08.09"]
[EventType "tourn"]
[EventRounds "9"]
[EventCountry "NED"]
[SourceTitle "CBM 125 Extra"]
[Source "ChessBase"]
[SourceDate "2008.09.01"]
[SourceVersion "1"]
[SourceVersionDate "2008.09.01"]
[SourceQuality "1"]

1. Nf3 Nf6 2. c4 g6 3. Nc3 Bg7 4. e4 d6 5. d4 0-0 6. Be2 Na6 7. 0-0 e5 8. Be3 Ng4 9. Bg5 Qe8 10. c5 exd4 11. Nxd4 dxc5 12. Ndb5 Nf6 13. Re1 Be6 14. e5 Nd7 15. Bf3 Nxe5 16. Bxb7 Rb8 17. Bxa6 Qc6 18. Ne4 Bf5 19. Qa4 1/2-1/2

[Event "Haarlem BDO-B"]
[Site "Haarlem"]
[Date "2008.08.10"]
[Round "2"]
[White "Van der Lende, Ilias"]
[Black "Duchene, Rene"]
[Result "0-1"]
[WhiteElo "1978"]
[BlackElo "2221"]
[PlyCount "86"]
[EventDate "2008.08.09"]
[EventType "tourn"]
[EventRounds "9"]
[EventCountry "NED"]
[SourceTitle "CBM 125 Extra"]
[Source "ChessBase"]
[SourceDate "2008.09.01"]
[SourceVersion "1"]
[SourceVersionDate "2008.09.01"]
[SourceQuality "1"]

1. e4 e6 2. d4 d5 3. exd5 exd5 4. c4 Nf6 5. Nc3 Be7 6. h3 0-0 7. Nf3 Re8 8. Be2 Nbd7 9. 0-0 dxc4 10. Bxc4 Nb6 11. Bb3 Nbd5 12. Ne5 c6 13. Qf3 Be6 14. Bg5 Nc7 15. Ne2 Bd5 16. Qd3 Ne6 17. Bh4 Bxb3 18. Qxb3 Qb6 19. Qc4 Rad8 20. Rfd1 Nd5 21. Bg3 Nf6 22. f3 Nd5 23. Bf2 Bg5 24. Qd3 g6 25. Re1 a6 26. Nc4 Qb4 27. a3 Qf8 28. Rad1 Qh6 29. Nc3 Bh4 30. Ne4 Nef4 31. Qd2 Bxf2+ 32. Qxf2 Re6 33. Nc5 Rxe1+ 34. Qxe1 Qg5 35. Rd2 Nxh3+ 36. Kh1 Nhf4 37. Nxb7 Rb8 38. Nc5 Nf6 39. Qe5 Qh4+ 40. Kg1 Re8 41. Ne4 Rxe5 42. g3 Rg5 43. Rg2 Nxe4 0-1

[Event "Politiken Cup 29th"]
[Site "Copenhagen"]
[Date "2007.07.26"]
[Round "7"]
[White "Duchene, Rene"]
[Black "Karttunen, Mika"]
[Result "1/2-1/2"]
[WhiteElo "2188"]
[BlackElo "2447"]
[PlyCount "37"]
[EventDate "2007.07.21"]
[EventType "swiss"]
[EventRounds "10"]
[EventCountry "DEN"]
[SourceTitle "CBM 119 Extra"]
[Source "ChessBase"]
[SourceDate "2007.09.04"]
[SourceVersion "1"]
[SourceVersionDate "2007.09.04"]
[SourceQuality "1"]

1. Nf3 d5 2. d4 Nf6 3. c4 c6 4. e3 a6 5. Nc3 b5 6. b3 Bf5 7. Be2 e6 8. 0-0 Nbd7 9. a4 b4 10. Nb1 Bd6 11. Bb2 Qb8 12. Nbd2 0-0 13. h3 h6 14. Rc1 g5 15. Ne1 Kh7 16. Nd3 Ne4 17. cxd5 cxd5 18. Nxe4 Bxe4 19. Nc5 1/2-1/2

[Event "Politiken Cup 29th"]
[Site "Copenhagen"]
[Date "2007.07.25"]
[Round "6"]
[White "Antonsen, Mikkel"]
[Black "Duchene, Rene"]
[Result "1-0"]
[WhiteElo "2397"]
[BlackElo "2188"]
[PlyCount "69"]
[EventDate "2007.07.21"]
[EventType "swiss"]
[EventRounds "10"]
[EventCountry "DEN"]
[SourceTitle "CBM 119 Extra"]
[Source "ChessBase"]
[SourceDate "2007.09.04"]
[SourceVersion "1"]
[SourceVersionDate "2007.09.04"]
[SourceQuality "1"]

1. d4 Nf6 2. c4 g6 3. Nc3 Bg7 4. e4 d6 5. f3 0-0 6. Nge2 c5 7. d5 e6 8. Ng3 exd5 9. cxd5 Na6 10. Be2 Nc7 11. 0-0 a6 12. Bf4 b5 13. Qd2 b4 14. Nd1 Nb5 15. Ne3 Qe7 16. Nc4 Nd7 17. Bg5 f6 18. Be3 Ne5 19. Nb6 Rb8 20. Nxc8 Rfxc8 21. f4 Nf7 22. Bg4 f5 23. exf5 Re8 24. Rae1 Qf6 25. fxg6 hxg6 26. Be6 Qxb2 27. Qd3 Rb7 28. Qxg6 Qf6 29. Qg4 Kf8 30. Nh5 Qc3 31. f5 Bf6 32. Qg6 Bd4 33. Bxd4 Qxd4+ 34. Kh1 Qh4 35. Nf6 1-0